Statistics for NFL Nations of Foreign Born Players

Click here to take the quiz!

General Stats

  • This quiz has been taken 62 times
    (14 since last reset)
  • The average score is 17 of 26

Answer Stats

Player HintNation% Correct
Chase Claypool/Jevon HollandCanada
100%
Alfredo Gutiérrez/Isaac AlarcónMexico
100%
Jordan Mailata/Daniel FaaleleAustralia
91%
Cairo SantosBrazil
91%
Cameron DickerChina (Hong Kong)
91%
Nelson Agholor/David Ojabo/David OnyemataNigeria
91%
Graham Gano/Jamie Gillan/Julian OkwaraUnited Kingdom
91%
Jakob Johnson/David BadaGermany
82%
J. J. Arcega-WhitesideSpain
82%
Hjalte FroholdtDenmark
73%
Max Pircher/Habakkuk BaldonadoItaly
73%
Danielle Hunter/Matt PeartJamaica
73%
Younghoe KooSouth Korea
73%
Lewis CineHaiti
64%
Greg JosephSouth Africa
64%
George Karlaftis/Kyle HamiltonGreece
55%
John Metchie IIITaiwan
55%
Bernhard Raimann/Bernhard SeikovitsAustria
45%
Corliss WaitmanBelgium
45%
Arnold EbiketieCameroon
45%
Chris ConleyTürkiye
45%
Michael StrachanBahamas
36%
Netane MutiTonga
36%
Kwity PayeGuinea
27%
Javon KinlawTrinidad and Tobago
27%
Rakeem Nathan Nuñez-RochesBelize
18%

Score Distribution

Percentile by Number Answered

Percent of People with Each Score

Your Score History

You have not taken this quiz since the last reset